[Event "129th New Zealand Championship 2022"]
[Site "Christchurch"]
[Date "2022.01.05"]
[Round "4.8"]
[White "Gomes, Luiz Alexandre de So"]
[Black "Cilia Vincenti, David"]
[Result "0-1"]
[WhiteElo "2335"]
[BlackElo "2076"]
[Annotator "TA"]
[PlyCount "128"]
[EventDate "2022.01.02"]
[EventType "swiss"]
[EventCountry "NZL"]

{[%evp 9,128,-34,-41,-122,-117,-150,-148,-143,-95,-115,-107,-96,-68,-112,-120,-147,-80,-165,-139,-133,-142,-207,-201,-250,-257,-259,-290,-393,-301,-350,-375,-353,-318,-342,-295,-379,-372,-392,-391,-738,-738,-967,-958,-1133,-1112,-1415,-1190,-1166,-1160,-1246,-1316,-1314,-1286,-1289,-1279,-1551,-1531,-1454,-1472,-1468,-1457,-1397,-1296,-1281,-1257,-1235,-1231,-1765,-1720,-1980,-1858,-1602,-1388,-1388,-1381,-1558,-1536,-1559,-1388,-2108,-1979,-29980,-29981,-29983,-29984,-29984,-29985,-29982,-29983,-29983,-29981,-29991,-29984,-29994,-29990,-29990,-29988,-29992,-29993,-29993,-29991,-29993,-29991,-29992,-29990,-29990,-29991,-29992,-29993,-29993,-29992,-29993,-29994,-29994,-29994,-29994,-29995,-29997,-29997,-29998,-29999]} 1. d4 f5 2. e4 fxe4 3. Nc3 Nf6 4. Bg5 g6 5. Bxf6 exf6 6. Bc4 {A83: Dutch Defence: Staunton Gambit with 3 Nc3 Nf6 4 Bg5.} (6. Nxe4 $15 d5 7. Nc3) 6... Bb4 $17 {[#]} 7. Nge2 $146 ({Predecessor:} 7. d5 d6 8. Qd4 O-O 9. Nge2 f5 10. Nf4 Qf6 11. Qe3 Nd7 12. Bb3 Ne5 13. h3 {1-0 (49) Szczesniak,K (2045)-Hasterok,M (2029) Gora Sw Anny 2020}) 7... d5 $1 8. Bb3 {Black is clearly better.} Bg4 {Black is more active.} (8... c6 $142 9. Qd2 f5) 9. O-O c6 10. h3 Bf5 11. a3 (11. Ng3 $15 {is more appropriate.}) 11... Bd6 12. Qd2 Bc7 (12... Na6 $142 13. Ng3 Bxg3 14. fxg3 h5) 13. f4 (13. f3 $17) 13... Qd6 14. Ng3 Nd7 15. Nce2 (15. Nxf5 $17 gxf5 16. Nd1) 15... Be6 $19 16. c4 f5 17. c5 Qe7 18. Kf2 O-O 19. Ke1 b6 20. cxb6 axb6 21. Rc1 Qd6 22. Nc3 b5 23. Qc2 Rfc8 24. Nd1 $2 {[#]} (24. Nge2) 24... Ba5+ 25. Ke2 c5 26. Ba2 Rc7 27. Kf2 Qxf4+ 28. Kg1 Qxg3 29. Qb3 Qxb3 30. Bxb3 c4 31. Bc2 Bb6 32. Ne3 Bxd4 33. Rce1 Bxe3+ 34. Rxe3 d4 35. Bxe4 fxe4 36. Rxe4 Bf5 37. Rxd4 Nc5 38. Re1 Nd3 39. Re2 Rd7 40. Rh4 Rf7 {[%cal Od3b2] [#] ...Nxb2! is the strong threat.} 41. Rd4 Raf8 42. a4 Nc1 43. Re5 Nb3 44. Rdd5 bxa4 45. g4 Bd3 {Black mates.} 46. Kh2 Rf2+ 47. Kg3 Rxb2 48. Rd7 Rf7 49. Rd8+ Kg7 50. g5 Rbf2 51. Kh4 R2f4+ 52. Kg3 R4f5 53. Re1 Rxg5+ 54. Kh4 Rgf5 55. Ra8 c3 56. Rxa4 Rf4+ 57. Rxf4 Rxf4+ 58. Kg5 Rf5+ 59. Kg4 h5+ 60. Kh4 c2 61. Re7+ Rf7 62. Re1 c1=Q {[%cal Rc1f4]} 63. Re3 Rf4+ 64. Kg5 Qxe3 {Weighted Error Value: White=0.88/Black=0.18 (very precise)} 0-1

[Event "129th New Zealand Championship 2022"]
[Site "Christchurch"]
[Date "2022.01.05"]
[Round "4.9"]
[White "Cummings, Nick"]
[Black "Van Der Hoorn, Thomas"]
[Result "1/2-1/2"]
[WhiteElo "2032"]
[BlackElo "1685"]
[Annotator "TA"]
[PlyCount "24"]
[EventDate "2022.01.02"]
[EventType "swiss"]
[EventCountry "NZL"]

{[%evp 9,24,0,0,-56,227,227,237,92,205,42,48,43,69,0,0,0,78]} 1. Nf3 d5 2. c4 d4 3. b4 f6 4. e3 e5 5. c5 a5 6. Bc4 {[#] A09: Réti Opening: 1 Nf3 d5 2 c4.} (6. Nxe5 $11 fxe5 7. Qh5+ Kd7 8. Qf5+ (8. Qxe5 $2 Qf6 $19) 8... Ke8 9. Qh5+ (9. Qxe5+ $2 Qe7 $19) 9... Kd7 10. Qf5+ (10. Qxe5 $2 Qf6 $19) 10... Ke8 11. Qh5+ (11. Qxe5+ $2 Qe7 $19) 11... Kd7) 6... a4 $146 {[%mdl 8192] [#]} (6... axb4 $15 7. Bb2 dxe3 8. fxe3 Bxc5) ({Predecessor:} 6... axb4 7. exd4 exd4 8. O-O Bxc5 9. Nh4 g6 10. d3 Kf8 11. Nd2 Nc6 12. Ne4 Be7 {½-½ (60) Gareyev,T (2653)-Ramirez Alvarez,A (2595) Saint Louis 2014}) 7. Nxe5 $1 $18 {[%mdl 512]} Nh6 {To avoid Nf7} 8. Bb2 dxe3 {[#]} (8... fxe5 $16 9. Qh5+ Kd7) 9. fxe3 $2 fxe5 $14 10. Qh5+ Kd7 11. Qh3+ {[%mdl 1024] White has compensation.} (11. O-O $5 {[%cal Rb2e5]} Qe7 12. Qxe5 $16 (12. Bxe5 Kd8 $16)) 11... Ke8 $1 12. Qh5+ Kd7 {Weighted Error Value: White=0.95/Black=0.58} 1/2-1/2

[Event "129th New Zealand Championship 2022"]
[Site "Christchurch"]
[Date "2022.01.05"]
[Round "4.10"]
[White "Ning, Isabelle Yixuan"]
[Black "Wang, Aaron Ziwen"]
[Result "1-0"]
[WhiteElo "1796"]
[BlackElo "1788"]
[Annotator "NA RC"]
[PlyCount "49"]
[EventDate "2022.01.02"]
[EventType "swiss"]
[EventCountry "NZL"]
[TimeControl "40/5400+30:1800+30"]

1. d4 {[%emt 0:00:05]} Nf6 {[%emt 0:00:04]} 2. c4 {[%emt 0:00:10]} g6 {[%emt 0:00:04]} 3. Nc3 {[%emt 0:00:05]} Bg7 {[%emt 0:00:04]} 4. e4 {[%emt 0:00:05]} d6 {[%emt 0:00:02]} 5. h3 {[%emt 0:00:07]} O-O {[%emt 0:01:14]} 6. Be3 {[%emt 0:00:10]} e5 {[%emt 0:03:01]} 7. d5 {[%emt 0:00:25]} a5 {[%emt 0:02:24]} 8. g4 {[%emt 0:02:37]} Na6 {[%emt 0:01:26]} 9. Nge2 {[%emt 0:01:20]} h5 {[%emt 0:16:26]} 10. f3 {[%emt 0:07:15]} Nc5 {[%emt 0:12:19]} 11. Qd2 {[%emt 0:06:23]} Nh7 {[%emt 0:03:32]} 12. O-O-O {[%emt 0:12:07]} h4 {[%emt 0:12:44]} 13. g5 {[%emt 0:01:47]} f5 {[%emt 0:02:46]} 14. gxf6 {[%emt 0:01:22]} Qxf6 {[%emt 0:00:31]} 15. Rg1 {[%emt 0:05:54]} Qxf3 {[%emt 0:01:17]} 16. Bxc5 {[%emt 0:01:25]} dxc5 {[%emt 0:00:43]} 17. Rxg6 {[%emt 0:02:29]} Rf6 {[%emt 0:03:09]} 18. Qh6 {[%emt 0:08:25]} Rxg6 {[%emt 0:05:29]} 19. Qxg6 {[%emt 0:00:12]} Bxh3 {[%emt 0:00:54]} 20. Bxh3 {[%emt 0:13:56]} Qxh3 {[%emt 0:00:09]} 21. Rg1 {[%emt 0:01:26]} Qd7 {[%emt 0:00:09]} 22. Qh5 {[%emt 0:03:59]} Qd8 {[%emt 0:04:36]} 23. Qxe5 {[%emt 0:03:10]} Nf6 {[%emt 0:15:58]} 24. Nf4 {[%emt 0:01:32]} Kh8 {[%emt 0:06:15]} 25. Rxg7 {[%emt 0:01:27]} 1-0

[Event "129th New Zealand Championship 2022"]
[Site "Christchurch"]
[Date "2022.01.05"]
[Round "4.11"]
[White "Punsalan, Vyanla M"]
[Black "Lee, Edward S"]
[Result "1-0"]
[WhiteElo "1945"]
[BlackElo "1974"]
[Annotator "TA"]
[PlyCount "63"]
[EventDate "2022.01.02"]
[EventType "swiss"]
[EventCountry "NZL"]

{[%evp 9,62,14,8,-20,0,0,84,36,63,60,99,96,94,66,131,112,127,134,129,108,125,91,133,114,182,104,209,209,218,214,438,442,396,398,441,430,431,204,204,204,209,202,293,281,401,421,863,437,29995,29996,29996,29997,29998,29999,29999]} 1. e4 c6 2. d4 d5 3. e5 c5 4. dxc5 e6 5. a3 Bxc5 6. b4 {B12: Caro-Kann: Advance Variation.} Bb6 7. Nf3 Qc7 (7... a5 $11) 8. Bd3 (8. c4 $1 $16 {[%cal Rc4c5]}) 8... Nc6 9. Bb2 {[#]} a6 $146 ({Predecessor:} 9... Nge7 10. O-O Ng6 11. Re1 Bd7 12. Nbd2 a5 13. Bxg6 hxg6 14. c4 axb4 15. cxd5 exd5 {½-½ (22) Nemeth,M (2467)-Csonka,A (2316) Fano 2016}) 10. Nbd2 f5 11. Rc1 Nh6 (11... Qf7 $14) 12. O-O O-O 13. c4 Qe7 14. Qe2 Bd7 15. Bb1 Rad8 (15... Nf7 $142) 16. Ba2 $16 Bc8 (16... Be8 $16) 17. h3 (17. cxd5 $18 exd5 18. b5) 17... g5 (17... dxc4 $16 18. Nxc4 Ba7) 18. cxd5 $18 exd5 19. e6 g4 $2 {[#]} (19... Qxe6 20. Qxe6+ Bxe6) 20. Rxc6 $1 {[%mdl 512]} bxc6 {[#]} 21. Qe5 {[%csl Gb2][%cal Re5h8]} Bxe6 (21... d4 22. Nxd4) 22. Qh8+ Kf7 23. Qg7+ $40 {[%mdl 128] White wants a kill.} (23. Qxh7+ $142 Ke8 24. Qxh6 gxf3 25. Nxf3) 23... Ke8 {And now ...Ng8 would win.} 24. Qxh6 gxf3 25. Re1 Kd7 (25... Rd6 {keeps fighting.}) 26. Nxf3 {[%cal Bd2f3,Bf3e5,Be5c4,Bc4b6][%mdl 32] Threatens to win with Ne5+. The board is on fire.} Rg8 (26... Rde8 $142 27. Bb3 (27. Ng5 Rg8 $18) 27... Qd6) 27. Ne5+ Kd6 (27... Kc7 $2 {[#]} 28. Nxc6 $1 {[%mdl 512]} Rg6 29. Qxg6 $3 {[%mdl 512]} hxg6 30. Nxe7) (27... Ke8 $142 28. Nxc6 Rg6) 28. Qf4 {Black must now prevent Ng6+.} Qe8 (28... Kc7 $18 29. Ng6+ Qd6 30. Rxe6 Qxf4 31. Nxf4 Rge8) 29. Nc4+ {[%mdl 64] Discovered Attack (Double check), Double Attack. White mates.} Ke7 {[#]} 30. Rxe6+ $1 {[%mdl 512]} Kxe6 (30... Kd7 31. Nxb6+) 31. Qe5+ Kd7 32. Nxb6# {White took control after the opening.  Weighted Error Value: White=0.38/Black=0.59} 1-0

[Event "129th New Zealand Championship 2022"]
[Site "Christchurch"]
[Date "2022.01.06"]
[Round "5.1"]
[White "Gong, Daniel Hanwen"]
[Black "Xie, Felix"]
[Result "1-0"]
[WhiteElo "2269"]
[BlackElo "2166"]
[Annotator "TA"]
[PlyCount "97"]
[EventDate "2022.01.02"]
[EventType "swiss"]
[EventCountry "NZL"]

{[%evp 20,97,6,13,62,48,83,83,82,76,85,84,84,82,100,87,90,72,103,86,117,86,202,218,295,282,283,259,354,274,420,404,403,373,653,588,589,573,569,572,708,578,593,603,589,589,556,536,548,539,639,577,994,923,808,796,760,745,1412,1365,2046,2070,29974,29972,6107,5839,5683,5608,5708,5683,5583,5583,5583,5389,5181,5165,5122,5057,1022,837]} 1. e4 c6 2. d4 d5 3. exd5 cxd5 4. c4 Nf6 5. Nc3 Nc6 6. Bg5 e6 7. Nf3 Be7 8. c5 O-O 9. Bb5 Ne4 10. Bxe7 Nxe7 11. Rc1 f5 {B14: Caro-Kann: Panov-Botvinnik Attack with 5...e6 and 5...g6.} (11... b6 $11 {might be stronger.}) 12. Ne5 {[#]} Ng6 $146 ({Predecessor:} 12... Qa5 13. Qa4 Qc7 14. Ne2 Ng6 15. Nxg6 hxg6 16. f3 Nf6 17. f4 Bd7 18. Bxd7 Nxd7 19. O-O {1-0 (43) Bargel,M (2095)-Profant,T (2222) Tatranske Zruby 2005}) 13. Nxg6 {White is more active.} hxg6 {White is better.} 14. O-O Bd7 15. Bxd7 Qxd7 16. f3 Ng5 17. Re1 Nf7 18. Rc2 g5 19. Rce2 Rfe8 20. Qd3 g6 (20... Re7 $16) 21. Qb5 $18 Qc8 {[#]} 22. Nxd5 $1 {[%mdl 512]} Kg7 {Prevents Nf6.} 23. Nc3 {[%cal Bd5c3,Bc3a4,Ba4b6][%mdl 32]} a5 24. Na4 Ra6 (24... Qc6 {was called for.} 25. Nc3 e5) 25. Nb6 Qd8 26. Qa4 Kf6 (26... e5 27. dxe5 Qe7) 27. d5 Rxb6 28. cxb6 e5 29. Qxa5 Nd6 30. Qc5 Nc8 31. Rd1 Qxb6 32. b4 Rd8 {Prevents d6.} 33. Kf1 Qd6 34. a4 {[%cal Ba2a4,Ba4a5][%mdl 32]} Nb6 35. a5 Nxd5 {[%cal Od5e3]} 36. Qxd6+ Rxd6 {[%mdl 4096] Endgame KRR-KRN} 37. Ke1 Ke6 38. Red2 e4 39. fxe4 fxe4 40. b5 {[%cal Od2d5] [#] Rxd5! would kill now.} Ke5 41. a6 bxa6 42. bxa6 {White is clearly winning.} Rxa6 43. Rxd5+ Kf4 44. Ke2 Ra8 45. g3+ Kg4 46. Ke3 Ra2 47. R1d2 Ra4 48. R5d4 Ra3+ 49. Kxe4 {Weighted Error Value: White=0.17 (very precise) /Black=0.49} 1-0

[Event "129th New Zealand Championship 2022"]
[Site "Christchurch"]
[Date "2022.01.06"]
[Round "5.2"]
[White "Milligan, Helen"]
[Black "Dive, Russell John"]
[Result "0-1"]
[WhiteElo "1956"]
[BlackElo "2265"]
[Annotator "TA"]
[PlyCount "116"]
[EventDate "2022.01.02"]
[EventType "swiss"]
[EventCountry "NZL"]

{[%evp 16,116,43,44,68,59,63,69,66,59,54,40,44,19,27,28,31,34,33,36,19,8,12,11,6,7,9,10,23,-3,-4,-4,0,-6,-5,0,0,-18,-36,-20,-11,-21,-20,-51,-46,-49,-63,-75,-73,-79,-79,-92,-71,-116,-88,-105,0,0,0,0,0,0,0,0,0,-278,-287,-293,-297,-304,-309,-302,-304,-302,0,-300,-295,-293,-292,-285,-269,-349,-336,-581,-628,-604,-610,-580,-541,-661,-502,-498,-491,-789,-787,-783,-766,-734,-527,-1876,-1903,-1014,-937]} 1. e4 e5 2. Nf3 Nf6 {[%cal Bg8f6,Bf6e4,Be4d6][%mdl 32]} 3. Nxe5 d6 4. Nf3 Nxe4 5. d4 d5 6. Bd3 Be7 7. O-O O-O 8. Re1 Nd6 {8...Bf5 is setting a new trend.} 9. Bf4 Bg4 {C42: Petroff Defence: 3 Nxe5 and unusual White 3rd moves.} 10. Nbd2 Nd7 {[%cal Bb8d7,Bd7f6,Bf6e4][%mdl 32]} 11. c3 Bh5 {White is slightly better.} 12. Qc2 Bg6 {[#]} 13. Ne5 $146 ({Predecessor:} 13. Bxg6 fxg6 14. Bxd6 Bxd6 15. Qb3 Nb6 16. Ne4 Re8 17. a4 a5 18. Nxd6 Qxd6 19. Qb5 {1-0 (68) Rohde,M-Fakler,U DESC email 2000}) 13... Bxd3 14. Qxd3 Nf6 15. Qf3 Re8 16. Re2 c6 17. Rae1 Nfe4 18. Qh3 {[%cal Rd2e4]} Bg5 19. Bxg5 Qxg5 20. Nxe4 dxe4 21. f3 f6 22. Ng4 {[%cal Rf3e4]} (22. Nd7 $5 {[%cal Rf3e4]}) 22... exf3 23. Qxf3 Rxe2 24. Rxe2 h5 25. Ne3 Re8 26. Nf1 (26. Nc4 {looks sharper.} Qc1+ 27. Kf2 Rxe2+ 28. Qxe2 Qf4+ 29. Kg1) 26... Rxe2 27. Qxe2 {[#] Strongly threatening Qe6+.} Kf7 {Prevents Qe6+.} 28. Nd2 Qd5 29. a3 g6 30. h3 a5 {[%cal Ba7a5,Ba5a4][%mdl 32]} 31. Nf1 a4 32. Qc2 b5 33. Qf2 Qe4 34. Ng3 (34. Nd2 $142 Qd3 35. Qf4) 34... Qd3 35. Nf1 Nc4 (35... Ke6 $17) 36. Qf4 $11 Ke6 37. Qc7 Qe4 {Active counter play!} 38. Qc8+ Kf7 39. Qd7+ Kg8 40. d5 $2 {[%mdl 8192]} (40. Qc8+ $11 Kg7 41. Qd7+ Kh6 42. h4) 40... Qxd5 $19 41. Qe8+ Kg7 42. Qe7+ Qf7 43. Qc5 Qe6 ({Not} 43... Nxb2 44. Qxc6 Qa7+ 45. Kh1 $17) 44. Qa7+ Qf7 45. Qc5 Qd7 ({Weaker is} 45... Nxb2 46. Qxc6 Qa7+ 47. Kh1 $17) 46. Qf2 Qe7 {Inhibits Ne3.} 47. Kh1 Qe4 48. Qa7+ Kh6 49. Qd7 $2 (49. Qf7 Kg5 50. Qf8) 49... Qe1 {Black is clearly winning.} 50. Qd3 Nxb2 51. Qf3 Kg7 52. Kh2 Qe5+ 53. Kg1 Qc5+ 54. Kh2 (54. Qe3 $142 Qxa3 55. Qa7+ Kg8 56. Qa8+ Kf7 57. Qxc6) 54... Nc4 55. Ng3 Qe5 {[#] ...h4 is the strong threat.} 56. h4 Nd2 57. Qxc6 {Threatens to win with Qd7+.} Nf1+ 58. Kg1 Nxg3 {Weighted Error Value: White=0.44/Black=0.19 (very precise)} 0-1

[Event "129th New Zealand Championship 2022"]
[Site "Christchurch"]
[Date "2022.01.06"]
[Round "5.3"]
[White "Lukey, Stephen G"]
[Black "Croad, Nicolas"]
[Result "0-1"]
[WhiteElo "2162"]
[BlackElo "2289"]
[Annotator "TA"]
[PlyCount "89"]
[EventDate "2022.01.02"]
[EventType "swiss"]
[EventCountry "NZL"]

{[%evp 15,89,23,20,14,24,6,54,0,0,0,0,0,0,0,16,23,23,13,16,12,11,11,12,15,14,14,29,15,21,0,32,10,14,5,23,0,0,0,0,0,0,0,0,0,0,0,0,0,0,-169,-132,-164,-191,-188,-182,-168,-158,-158,-158,-227,-227,-213,-206,-225,-198,-453,-446,-1297,-1252,-4631,-4622,-4622,-4622,-4622,-2500,-1201]} 1. d4 Nf6 2. c4 e6 3. Nf3 d5 4. Nc3 Bb4 5. Bg5 h6 6. Bxf6 Qxf6 7. e3 O-O 8. Rc1 Nc6 9. a3 {D38: Queen's Gambit Declined: Ragozin Defence (4 Nf3 Bb4).} Bxc3+ 10. Rxc3 Rd8 (10... dxc4 $11 11. Bxc4 e5) 11. Qc2 (11. cxd5 $14 exd5 12. h3) 11... e5 $11 12. dxe5 Nxe5 13. Nxe5 Qxe5 14. cxd5 Bf5 15. Bd3 Bxd3 16. Rxd3 Rxd5 17. Rxd5 Qxd5 {[%mdl 4096] Endgame KQR-KQR} 18. O-O c6 19. Rd1 {[#]} Qa5 $146 ({Predecessor:} 19... Qe6 20. Qa4 a5 21. h3 b6 22. Qf4 Qb3 23. Rd7 Rf8 24. Qe5 b5 25. g4 Qc4 {½-½ (38) Beckhuis,G (2275)-Strauss,A (2270) Vienna 1998}) 20. Qd2 Qb6 21. h3 a5 22. Qd4 Qb3 {[%cal Oc6c5]} 23. Rd3 Qc2 24. e4 c5 25. Qd5 Qxb2 26. Rf3 Rf8 27. Qxc5 b5 28. e5 {[%cal Oe5e6]} Re8 29. Re3 b4 30. axb4 Qxb4 31. Qd5 a4 32. Rf3 $2 {[#]} (32. Re4 $11 {and White is okay.} Qb8 33. Rxa4) 32... Qe1+ $19 33. Kh2 Qxe5+ 34. Qxe5 Rxe5 {KR-KR} 35. Ra3 Ra5 36. Kg3 f5 37. h4 (37. Kf4 $17) 37... Kf7 38. Kf4 Kg6 39. g3 Kh5 40. f3 $2 (40. Kf3) 40... g6 {[%cal Bg7g6,Bg6g5][%mdl 32] Black is clearly winning.} 41. g4+ (41. Ke3 $142 g5 42. hxg5) 41... Kxh4 {[#] Strongly threatening ...g5+.} 42. Ra1 g5+ 43. Ke3 fxg4 44. Kf2 gxf3 45. Kxf3 {Weighted Error Value: White=0.65/Black=0.05 (flawless)} 0-1

[Event "129th New Zealand Championship 2022"]
[Site "Christchurch"]
[Date "2022.01.06"]
[Round "5.4"]
[White "Sole, Michael D"]
[Black "Ker, Anthony F"]
[Result "1-0"]
[WhiteElo "1815"]
[BlackElo "2303"]
[Annotator "TA"]
[PlyCount "91"]
[EventDate "2022.01.02"]
[EventType "swiss"]
[EventCountry "NZL"]

{[%evp 22,91,31,33,60,64,67,56,53,47,66,19,18,6,0,0,0,0,0,0,0,0,34,25,62,13,85,62,122,114,120,119,132,129,139,109,122,75,72,56,241,120,139,164,1126,1083,1017,991,1091,1086,1064,1064,1002,1001,862,729,721,723,681,700,663,585,725,682,714,664,29973,29974,29973,29974,6075,6070]} 1. e4 c5 2. Nf3 g6 3. d4 cxd4 4. Nxd4 Nc6 5. c4 Nf6 6. Nc3 d6 7. Be2 Nxd4 8. Qxd4 Bg7 9. O-O O-O 10. Qd3 Be6 {10...a5 is the modern continuation.} 11. Be3 Qa5 12. Bd4 Rfc8 {B36: Sicilian: Maroczy Bind: Gurgenidze System.} 13. b3 Nd7 14. Bxg7 Kxg7 {White is slightly better.} 15. f4 f6 16. Rac1 (16. Kh1 $14 {is superior.}) 16... a6 $1 $11 {[#]} 17. Bf3 $146 ({Predecessor:} 17. Nd5 Bxd5 18. exd5 Rc7 19. g4 b5 20. cxb5 Rxc1 21. Rxc1 axb5 22. Qe4 Qa7+ 23. Kf1 {0-1 (41) Ivana Maria,F (2165)-Swati,G (2232) Sangli 2014}) 17... Rab8 18. Nd5 Bxd5 19. exd5 b5 20. Rfe1 Re8 21. cxb5 axb5 22. Re2 b4 23. h4 (23. Qd2 $14) 23... Kf7 (23... f5 $11) 24. h5 Rbc8 ({Better is} 24... Qb5 $14 25. Qd2 Nc5) 25. Rxc8 $16 {The board is on fire.} Rxc8 26. Qe4 $1 Qa7+ {[#]} 27. Kh2 $1 Nf8 28. Qxb4 Rc1 29. Qe4 {Active counter play!} ({But not} 29. Kg3 $6 Rh1 $11) (29. a4 $142) 29... f5 30. Qe3 {To avoid Qg1+} Qc7 ({Black should play} 30... Qxe3 $14 31. Rxe3 Nd7) 31. Qd4 (31. h6 $18) 31... Nd7 {[#]} 32. Qh8 $1 $36 {[%mdl 2048] Keeping Black busy.} Nf6 (32... Nf8 33. h6 Ke8) 33. h6 $18 {Qg7+ is the strong threat.} Rh1+ 34. Kxh1 Qc1+ 35. Kh2 Qxf4+ 36. g3 {Threatening mate with Qg7+.} Qxh6+ 37. Kg2 g5 38. Qc8 g4 {[#]} 39. Qxf5 $1 {Threatens to win with Qe6+.} gxf3+ 40. Qxf3 {[%mdl 4096] Endgame KQR-KQN} Qg5 41. Rf2 Ke8 42. Qf5 Qc1 43. Qe6 {White threatens Rxf6 and mate.} Kd8 44. Rxf6 exf6 45. Qxd6+ Kc8 46. Qc6+ {Weighted Error Value: White=0.21 (precise) /Black=0.25 (precise)} 1-0

[Event "129th New Zealand Championship 2022"]
[Site "Christchurch"]
[Date "2022.01.06"]
[Round "5.5"]
[White "Tang, Hao"]
[Black "McNabb, Matthew David"]
[Result "0-1"]
[WhiteElo "1838"]
[BlackElo "2029"]
[Annotator "TA"]
[PlyCount "60"]
[EventDate "2022.01.02"]
[EventType "swiss"]
[EventCountry "NZL"]

{[%evp 13,60,9,39,12,95,106,122,117,113,94,115,49,66,64,68,0,0,-84,-34,-120,-75,-72,0,0,-3,-72,-70,-76,-76,-68,-69,-103,-99,-185,-169,-222,-209,-200,-212,-204,-208,-210,-211,-283,-279,-473,-452,-1419,-1389]} 1. d4 d5 2. c4 c6 3. cxd5 cxd5 4. Nc3 Nc6 5. Nf3 Nf6 6. Bf4 a6 7. Rc1 {is now more promising than 7.e3.} Ne4 8. e3 {D13: Slav Defence: Exchange variation without ...Bf5.} Qa5 {[#]} (8... Nxc3 $11 9. bxc3 (9. Rxc3 e5 $11) 9... Bf5) 9. Bd3 $146 ({Predecessor:} 9. Qb3 e6 10. Bd3 Nxc3 11. bxc3 b5 12. e4 Ne7 13. O-O Bb7 14. Rce1 Ng6 15. Bg3 Be7 {1-0 (29) Gallinnis,N-Szczepaniak,A ICCF corr 1986}) 9... Nxc3 10. bxc3 {White is better.} ({Resist} 10. Rxc3 $6 e5 11. Nxe5 Bb4 $14) 10... e6 11. O-O Be7 12. Bb1 (12. Ne5 $16) 12... Ba3 13. Rc2 Bd7 14. Re1 ({Better is} 14. c4 $14) 14... Ne7 15. Rd2 (15. c4 $11) 15... Rc8 (15... Bb5 $17) 16. Qb3 (16. Ne5 $15) 16... Rxc3 ({Black should play} 16... Bb5 17. Bd3 Rxc3) 17. Qxb7 $17 Bc8 ({Black should try} 17... Rc8 $17 {White must now prevent ...Bb4.} 18. Rc2 Bc6) 18. Qb8 $11 O-O 19. Rdd1 (19. Bd3 $11 {remains equal.}) 19... Nc6 $17 20. Bc7 {[#]} Qa4 21. Qb6 Bd7 $1 22. Ne5 Nxe5 23. Bxe5 (23. dxe5 $17 Rc8 24. Bd6) 23... Bb5 24. h3 (24. Kh1 $142) 24... Rc6 $19 25. Qb7 Bb4 26. Kh2 Bxe1 27. Rxe1 Qa5 28. Rg1 Qa3 29. e4 $2 {[#]} (29. Rd1) 29... Rc1 30. Bd6 (30. Rxc1 $142 Qxc1 31. Bd6) 30... Qxd6+ {Weighted Error Value: White=0.63/Black=0.18 (very precise)} 0-1

[Event "129th New Zealand Championship 2022"]
[Site "Christchurch"]
[Date "2022.01.06"]
[Round "5.6"]
[White "Cilia Vincenti, David"]
[Black "Langford, Josh"]
[Result "1-0"]
[WhiteElo "2076"]
[BlackElo "1637"]
[Annotator "TA"]
[PlyCount "71"]
[EventDate "2022.01.02"]
[EventType "swiss"]
[EventCountry "NZL"]

{[%evp 17,71,0,0,0,9,18,42,36,39,43,49,41,70,32,42,22,95,89,138,136,141,148,148,112,96,97,97,97,112,101,99,102,155,123,138,154,260,243,596,581,875,879,809,793,909,845,963,964,930,893,1188,1165,898,847,1164,916]} 1. c4 c5 2. Nc3 Nc6 3. g3 g6 4. Bg2 a6 5. a4 Bg7 6. e4 e6 7. Nge2 Nge7 8. O-O O-O 9. d3 d6 10. Rb1 {A36: Symmetrical English vs ...g6: 4 Bg2 Bg7.} Rb8 11. Be3 {[#]} h6 $146 ({Predecessor:} 11... Qb6 12. Na2 Qa5 13. Bd2 Qc7 14. b4 b6 15. Qb3 Bb7 16. b5 axb5 17. axb5 Nd4 18. Nxd4 Bxd4 {0-1 (66) Steingrimsson,H (2556)-Cheparinov,I (2664) Plovdiv 2012}) 12. d4 {White is slightly better.} (12. Qd2 {feels hotter.} h5 13. d4 cxd4 14. Nxd4 Ne5 15. b3) 12... cxd4 13. Nxd4 Nxd4 14. Bxd4 Nc6 15. Bxg7 Kxg7 16. Qd2 Qe7 (16... e5 $11 {keeps the balance.}) 17. Rfd1 {White is more active.} (17. f4 {is more complex.} b6 18. f5 Qc7 19. fxg6 Ne5 20. gxf7 Nxc4 21. Qf4) 17... b6 (17... h5 $142) 18. Qxd6 $16 Qxd6 19. Rxd6 Bb7 20. b3 Rfd8 21. Rbd1 {[%cal Oe4e5]} Rxd6 22. Rxd6 {[%cal Oe4e5] Hoping for e5!} Rd8 23. Rxd8 (23. e5 {looks sharper.} Rxd6 24. exd6 Nd8 25. a5 bxa5 26. Ne4) 23... Nxd8 {[%mdl 4096] Endgame KBN-KBN} 24. f4 Kf8 (24... a5 $142 25. Kf2 f6) 25. Kf2 Ke7 26. b4 f5 (26... f6 $16 27. Ke3 Kd7) 27. Ke3 Nc6 $2 {[#]} (27... Kd6 {is tougher.} 28. Bf3 Nc6) 28. exf5 $18 {White is clearly winning.} gxf5 29. b5 axb5 30. axb5 Na5 31. Bxb7 Nxb7 32. Na4 Kd6 33. Kd4 Kc7 34. c5 bxc5+ 35. Nxc5 Nd8 36. Ke5 {Weighted Error Value: White=0.09 (flawless) /Black=0.46} 1-0